[Event "HUN-chT2 Asztalos 0506"]
[Site "Hungary"]
[Date "2006.03.19"]
[Round "9"]
[White "Szabo, L Lajos"]
[Black "Ronga, Attila"]
[Result "0-1"]
[WhiteElo "2123"]
[BlackElo "2096"]
[PlyCount "74"]
[EventDate "2005.10.16"]
[EventType "team"]
[EventRounds "11"]
[EventCountry "HUN"]
[SourceTitle "EXT 2009"]
[Source "ChessBase"]
[SourceDate "2008.11.26"]
[SourceVersion "1"]
[SourceVersionDate "2008.11.26"]
[SourceQuality "1"]
[WhiteTeam "OK Travel"]
[BlackTeam "Szenna Pack II"]
[WhiteTeamCountry "HUN"]
[BlackTeamCountry "HUN"]

1. g3 Nf6 2. Bg2 d5 3. Nf3 c5 4. 0-0 Nc6 5. d3 g6 6. b3 Bg7 7. Bb2 0-0 8. h3 d4 9. c3 e5 10. Nbd2 Nd5 11. c4 Nc7 12. Ne1 Ne6 13. a3 f5 14. b4 f4 15. Ne4 fxg3 16. fxg3 Rxf1+ 17. Bxf1 Ng5 18. b5 Nxe4 19. dxe4 Na5 20. Nf3 Be6 21. e3 Qd7 22. exd4 exd4 23. Ng5 Rf8 24. Qd3 Bxc4 25. Qxc4+ Nxc4 26. Bxc4+ Kh8 27. Kg2 h6 28. Ne6 Re8 29. Nxg7 Kxg7 30. Re1 Re5 31. Bc1 g5 32. a4 a6 33. Bd2 axb5 34. axb5 b6 35. g4 Qa7 36. h4 Qa4 37. Bf1 Qc2 0-1